[Event "XXIII SuperGM"]
[Site "Morelia/Linares MEX/ESP"]
[Date "2006.02.19"]
[Round "2"]
[White "Topalov,V"]
[Black "Bacrot,E"]
[Result "1/2-1/2"]
[WhiteElo "2801"]
[BlackElo "2717"]
[EventDate "2006.02.18"]

1. e4 e5 2. Nf3 Nf6 3. Nxe5 d6 4. Nf3 Nxe4 5. d4 d5 6. Bd3 Nc6 7. O-O Be7
8. Nc3 Bf5 9. Re1 Nxc3 10. bxc3 Bxd3 11. Qxd3 O-O 12. Bf4 Bd6 13. Ng5 g6
14. Qh3 h5 15. Qg3 Qf6 16. Bxd6 cxd6 17. Nh3 Rae8 18. Qf4 Rxe1+ 19. Rxe1
Kg7 20. Qg3 Qf5 21. Nf4 b5 22. h4 Rd8 23. Qg5 Qxg5 24. hxg5 b4 25. cxb4
Nxb4 26. c3 Nxa2 27. Nxd5 Rb8 28. Re2 Nc1 29. Re7 a5 30. Ra7 Rc8 31. Rxa5
Ne2+ 32. Kh2 Nxc3 33. Nf6 Rb8 34. d5 Nb5 35. Ra4 Nc7 36. Ra7 Ne8 37. Ne4
Rd8 38. f3 Kf8 39. g4 hxg4 40. fxg4 Rb8 41. Kg3 Rb3+ 42. Kf4 Rb4 43. Ke3
Rb3+ 44. Kd4 Rb4+ 45. Kd3 Rb3+ 46. Kc4 Rf3 47. Rd7 Rf4 48. Kd3 f6 49. Nxf6
Nxf6 50. gxf6 Rxg4 51. Rxd6 Kf7 52. Re6 Ra4 53. Re4 Rxe4 54. Kxe4 1/2-1/2